| 000 | 00457nam a2200157 i 4500 | ||
|---|---|---|---|
| 001 | 183840 | ||
| 003 | ES-MaACL | ||
| 005 | 20250903084240.0 | ||
| 008 | 141023s1878 fr |||| | fre d | ||
| 110 | 2 |
_aLibrairie Maurice Dreyfous. _9155764 |
|
| 245 | 1 | 0 | _aCatalogue de la Librairie Maurice Dreyfous. |
| 260 |
_aParis : _b[s.n.], _c1878. |
||
| 650 | 7 |
_aCatálogos de editores- _yS.XIX _2 _9169796 |
|
| 852 |
_aES-MaACL _jT-644-F-2 |
||
| 999 |
_c183840 _d183840 |
||